Mistrzowie Bundesligi - piłka nożna - Statystyki

Ogólne statystyki
  • Ten quiz został rozwiązany 124 razy
  • Średni wynik to 7 z 31
Statystyki odpowiedzi
l. pucharów Klub % Poprawnych
33 Bayern Monachium
99%
8 Borussia Dortmund
95%
1 Bayer Leverkusen
83%
7 Schalke
63%
1 Wolfsburg
45%
2 Hertha
39%
6 Hamburger SV
38%
5 Stuttgart
33%
1 Eintracht Frankfurt
30%
1 Union Berlin
30%
3 Fc koln
27%
2 Hannover
22%
4 Werder Bremen
22%
4 Kaiserslautern
18%
1 TSV Monachium
14%
9 Nurnberg
11%
1 Fortuna Dusseldorf
8%
1 Holstein Kiel
4%
5 Borussia M'gladbach
3%
1 Eintracht Braunschweig
2%
1 Rapid Wiedeń
2%
2 Viktoria
2%
2 Dresdner
1%
3 Greuther Furth
1%
1 Rot-Weiss Essen
1%
1 Freiburger FC
0%
1 Karlsruher FV
0%
1 Karlsruher SC
0%
3 Lokomotive Lipsk
0%
1 VfR Mannheim
0%
2 Viktoria Berlin
0%
Nie znaleziono quizów pasujących do podanych kryteriów
Rozkład punktacji
Procent ludzi z każdym wynikiem
Percentyl według liczby udzielonych odpowiedzi
Twoja historia wyników
Nie rozwiązałeś tego quizu